Central Library OPAC University of Rajshahi

Field theoretical methods in many-body systems / (Record no. 67567)

MARC details
000 -LEADER
fixed length control field 01156nam a2200301 a 4500
001 - CONTROL NUMBER
control field 67567
003 - CONTROL NUMBER IDENTIFIER
rucl marc code BD-RjUL
005 - DATE AND TIME OF LATEST TRANSACTION
control field 20211209081654.0
008 - FIXED-LENGTH DATA ELEMENTS--GENERAL INFORMATION
fixed length control field 170327s1967 enka b 001 0 eng d
035 ## - SYSTEM CONTROL NUMBER
System control number (BD-RjUL) 67698
040 ## - CATALOGING SOURCE
Original cataloging agency DLC/ICU
Transcribing agency ICU
Modifying agency BD-RjUL
Language of cataloging eng
041 1# - LANGUAGE CODE
Language code of text/sound track or separate title engrus
082 00 - DEWEY DECIMAL CLASSIFICATION NUMBER
Classification number 530.144
Edition number 23
Author mark and year KIF 1967
100 1# - MAIN ENTRY--PERSONAL NAME
Personal name Kirzhnit︠s︡, D. A.
Fuller form of name (David Abramovich)
9 (RLIN) 200203
245 10 - TITLE STATEMENT
Title Field theoretical methods in many-body systems /
Statement of responsibility, etc. [by] D.A. Kirzhnit︠s︡. Translated by A.J. Meadows. Edited by D.M. Brink.
250 ## - EDITION STATEMENT
Edition statement [1st English ed.].
260 ## - PUBLICATION, DISTRIBUTION, ETC. (IMPRINT)
Place of publication, distribution, etc. New York :
Name of publisher, distributor, etc. Pergamon Press
Date of publication, distribution, etc. c1967.
300 ## - PHYSICAL DESCRIPTION
Pagination xvi, 394 p. :
Illustrations illus. ;
Size 23 cm.
504 ## - BIBLIOGRAPHY, ETC. NOTE
Bibliography, etc Includes Index & Bibliography: p. 385-389.
650 #0 - SUBJECT ADDED ENTRY--TOPICAL TERM
Topical term or geographic name as entry element Many-body problem.
9 (RLIN) 200204
Topical term or geographic name as entry element Quantum field theory.
9 (RLIN) 200205
Topical term or geographic name as entry element Particles (Nuclear physics)
9 (RLIN) 200206
700 ## - ADDED ENTRY--PERSONAL NAME
Personal name Translated by Meadows A.J. Edited by Brink D.M
856 ## - ELECTRONIC LOCATION AND ACCESS
Materials specified International series of monographs in natural philosophy
Uniform Resource Identifier <a href="v. 8">v. 8</a>
942 ## - ADDED ENTRY ELEMENTS (KOHA)
Source of classification or shelving scheme Dewey Decimal Classification
Koha item type Books
Holdings
Lost status Source of classification or shelving scheme Damaged status Not for loan Collection code Permanent Location Current Location Shelving location Date acquired Source of acquisition Cost, normal purchase price Total Checkouts Full call number Date last seen Copy number Koha item type
  Dewey Decimal Classification   Not For Loan Non-fiction Central Library, University of Rajshahi Central Library, University of Rajshahi Reading Room 21/07/1973 Book View 143.00   530.144 KIF 1967 27/03/2017 C-1 Books